000 00498nam a2200157Ia 4500
008 230921s9999||||xx |||||||||||||| ||und||
020 _a978-3-658-19853-4
041 _aEN
100 _aHeike Kahlert
245 0 _aGender Studies and the New Academic Governance
250 _a1st ed. 2018
260 _c2018
_bSpringer Fachmedien Wiesbaden
856 _uhttps://doi.org/10.1007/978-3-658-19853-4
856 _uhttps://link.springer.com/openurl?genre=book&isbn=978-3-658-19853-4
942 _cEB
999 _c246010
_d246010